000
00270nam a2200109Ia 4500
008
221009s9999 xx 000 0 und d
082
_a
741.642/CAT
100
_a
Cather,K.D.
_9
81335
245
0
_a
Educating Storytelling
260
_b
Better Books Publication
942
_c
BK
999
_c
64970
_d
64970